000 01246nam a2200337 4500
001 1278166
003 000
005 20150429160134.0
007 000
008 000
010 _a 75332444
015 _aC***
020 _a0889360383
040 _aUOEL
_cDLC
_dDLC
043 _aa------
050 0 0 _aSB175
_b.I5 1974
082 0 0 _a664/.0095
245 0 0 _aInteraction of agriculture with food science :
_bproceedings of an interdisciplinary symposium, Singapore, 22-24 February, 1974 /
_ceditor, Reginald MacIntyre ; sponsored by the International Development Research Centre, in cooperation with the International Union of Food Science and Technology.
260 _aOttawa :
_bInternational Development Research Centre,
_cc1974.
300 _a166 p. :
_bill. ;
_c25 cm.
500 _a"IDRC-033e."
504 _aIncludes bibliographies.
650 0 _aAgriculture
_zAsia
_xCongresses.
650 0 _aFood industry and trade
_zAsia
_xCongresses.
650 0 _aFood supply
_zAsia
_xCongresses.
700 1 _aMacIntyre, Reginald.
710 2 _aInternational Development Research Centre (Canada)
710 2 _aInternational Union of Food Science and Technology.
906 _a7
_bcbc
_corignew
_d3
_encip
_f19
_gy-gencatlg
942 _2lcc
_cLL
999 _c6246
_d6246